| 000 | 00399nam a2200157Ia 4500 | ||
|---|---|---|---|
| 005 | 20250701161725.0 | ||
| 008 | 240331s9999 xx 000 0 und d | ||
| 020 | _a9559540602 | ||
| 082 |
_bWIJ _a792 |
||
| 100 | _aWijayasekara,P | ||
| 245 | 0 | _aBakkara biriya hewath babee | |
| 260 |
_aColombo _bParallel Publishers _c1991 |
||
| 300 | _a158 p ., | ||
| 500 | _aA story of the bakers wife | ||
| 942 | _cL | ||
| 999 |
_c5227 _d5227 |
||